| 000 | 00743aas a2200217 4500 | ||
|---|---|---|---|
| 999 |
_c3876 _d3876 |
||
| 003 | BR-BrBNA | ||
| 005 | 20230317233927.0 | ||
| 007 | ta | ||
| 008 | 230119b bl ||||| |||| 00| 0 por d | ||
| 035 | _a000485-5 | ||
| 040 |
_aBR-BrBNA _bPor _cBR-BrBNA |
||
| 042 | _a071973-0 | ||
| 044 | _abl | ||
| 245 | _aTerra e Gente. Informativo Agropecuário - Empresa de Pesquisa, Assistência técnica e Extensão Rural de Mato Grosso do Sul (Brazil) | ||
| 260 |
_aCampo Grande-MS _bEmpresa de Pesquisa, Assistência Técnica e Extensão Rural de Mato Grosso do Sul _c1990 _eBMS |
||
| 270 | _aParque dos Poderes - Cx. Postal, 472 - 79031-902-Campo Grande-MS | ||
| 310 | _amensal | ||
| 505 | _a1990-93 (1-24); | ||
| 909 |
_a56 _bSergio Santos _c56 _dSergio Santos |
||
| 942 |
_cCR _2AGRIS |
||